Dopad pohybu úrokových sadzieb na kapitálové trhy krajín V4

Pohyb úrokových sadzieb na peňažnom trhu: odzrkadľuje sa v cene nástrojov na kapitálovom trhu, ovplyvňuje presuny kapitálu medzi krátkodobým peňažným trhom a dlhodobým kapitálovým trhom. Súvislosti pohybu úrokových sadzieb a vývoja indexu SAX na slovenskom akciovom trhu. Porovnanie výnosnosti na peň...

Descrizione completa

Salvato in:
Dettagli Bibliografici
Autore principale: Chovancová, Božena
Natura: Capitolo di libro
Lingua:slovacco
inglese
Soggetti:
Tags: Aggiungi Tag
Nessun Tag, puoi essere il primo ad aggiungerne!!

MARC

LEADER 00000naa a2200000 4500
001 r040603
005 20221128113828.1
041 0 |a slo 
041 0 |a eng 
044 |a SK 
245 1 0 |a Dopad pohybu úrokových sadzieb na kapitálové trhy krajín V4  |c Božena Chovancová 
520 |a Pohyb úrokových sadzieb na peňažnom trhu: odzrkadľuje sa v cene nástrojov na kapitálovom trhu, ovplyvňuje presuny kapitálu medzi krátkodobým peňažným trhom a dlhodobým kapitálovým trhom. Súvislosti pohybu úrokových sadzieb a vývoja indexu SAX na slovenskom akciovom trhu. Porovnanie výnosnosti na peňažnom a kapitálovom trhu. Vývoj úrokových sadzieb na úvery v krajinách V4. Prísun zahraničného kapitálu do krajín V4. 
610 2 0 |a sadzby úrokové 
610 2 0 |a trh kapitálový 
610 2 0 |a trh peňažný 
610 2 0 |a výnosy 
610 2 0 |a indexy burzové 
610 2 0 |a kapitál zahraničný 
610 2 0 |a Vyšehradská štvorka 
100 1 |a Chovancová, Božena